000 00616nam a22001937a 4500
999 _c15031
_d15031
003 OSt
005 20200206135042.0
008 181211b ||||| |||| 00| 0 eng d
022 _a00116009
040 _c0
082 _aDPer 792.805 D19 Mar-Aug 2016 v.90, n.3-8
100 _aJohn, Suki.
_933108
245 _aThe dancer's guide to Cuba:
_bthe state of dance in an evolving country.
_cJohn, Suki.
260 _aNew York:
_bDance Media,
_c©Mar- Aug 2016.
300 _av90 n6, pages 36-38
_bcolored illustrations:
_c25 cm.
500 _aDance magazine
650 _aDance
_933109
_xBallet
_zCuba.
942 _2ddc
_cPER